[Event "Georgi Tringov Mem"]
[Site "Plovdiv BUL"]
[Date "2010.02.03"]
[Round "5"]
[White "Janchev,P"]
[Black "Miljkovic,Mir1"]
[Result "0-1"]
[WhiteElo "2215"]
[BlackElo "2477"]

1.Nf3 d5 2.c4 c6 3.b3 Nf6 4.Bb2 Bg4 5.e3 e6 6.Be2 Nbd7 7.O-O Bd6 8.d3 O-O
9.Nbd2 Qe7 10.a3 Rfd8 11.Re1 e5 12.Qc2 Rac8 13.h3 Be6 14.b4 h6 15.Bc3 Bf5
16.Qb2 Re8 17.d4 e4 18.Nh2 Nh7 19.Ndf1 Ng5 20.Ng3 Bxh3 21.gxh3 Nxh3+ 22.Kg2 Nxf2
23.Kxf2 Qh4 24.Nf1 Re6 25.Red1 Rg6 26.Ke1 Bxg3+ 27.Nxg3 Rxg3 28.Kd2 Qg5 29.Re1 Nb6
30.Kc2 Na4 31.Qc1 Nxc3 32.Kxc3 f5 33.Bf1 b5 34.c5 f4 35.a4 a6 36.axb5 axb5
37.Kb2 Rxe3 38.Rxe3 fxe3 39.Ra6 Qf6 40.Qd1 Qf2+ 41.Kb3 Rf8 42.Be2 Rf6 43.Ra2 Qg3
44.Qh1 Kh7 45.Ra1 Qf2 46.Ra2 Qg3 47.Kc3 Rf2 48.Qh5 Qg1 49.Kb3 Qb1+ 50.Rb2 Qe1
51.Qg4 Qa1 52.Kc3 Qa3+ 53.Kc2 Qd3+ 54.Kc1 Qxd4 55.Kb1 Qe5 56.Qd7 Qf6 57.Ka2 d4
58.Qe8 Qf7+ 59.Qxf7 Rxf7 60.Bg4 d3 61.Kb3 e2 62.Bxe2 dxe2 63.Rxe2 Re7  0-1

[Event "15th HIT Open B"]
[Site "Nova Gorica SLO"]
[Date "2010.02.04"]
[Round "7"]
[White "Ivanovic,A"]
[Black "Skrinjar,M"]
[Result "0-1"]
[WhiteElo "1830"]
[BlackElo "1981"]

1.Nf3 d5 2.c4 d4 3.e3 Nc6 4.exd4 Nxd4 5.Nxd4 Qxd4 6.Nc3 c6 7.d3 e5 8.Be3 Qd8
9.d4 exd4 10.Qxd4 Qxd4 11.Bxd4 Ne7 12.Ne4 Nf5 13.Bc3 Be6 14.O-O-O Rg8 15.Be2 Be7
16.a3 Bd7 17.Bg4 Be6 18.Rhe1 Kf8 19.Bh3 b6 20.Ng3 g6 21.Ne4 g5 22.Ng3 g4
23.Nxf5 Bxf5 24.Re5 Be6 25.Bxg4 Rxg4 26.Rh5 Kg8 27.g3 Rxc4 28.f4 Bg4  0-1

[Event "15th HIT Open B"]
[Site "Nova Gorica SLO"]
[Date "2010.02.06"]
[Round "9"]
[White "Ivanovic,A"]
[Black "Kolaric,S"]
[Result "0-1"]
[WhiteElo "1830"]
[BlackElo "1981"]

1.Nf3 d5 2.c4 e6 3.g3 Nf6 4.Bg2 dxc4 5.Qa4+ c6 6.Qxc4 b5 7.Qc2 Bb7 8.d4 a6
9.O-O Be7 10.Rd1 O-O 11.Nc3 Nbd7 12.e4 Rc8 13.Bf4 Qb6 14.Rac1 Rfd8 15.Qe2 Bb4
16.Ne1 Bxc3 17.Rxc3 Re8 18.g4 e5 19.Be3 exd4 20.Bxd4 c5 21.Bxf6 Nxf6 22.Re3 Rcd8
23.g5 Rxd1 24.Qxd1 Rd8 25.Rd3 Rxd3 26.Qxd3 c4 27.Qe2 Nd7 28.e5 Bxg2 29.Kxg2 Qd4
30.Nf3 Qd3 31.Qxd3 cxd3 32.Kf1 Kf8 33.e6 fxe6 34.Ke1 Ke7 35.Kd2 Kd6 36.Kxd3 Ne5+
37.Nxe5 Kxe5 38.Ke3 Kf5 39.f4 e5 40.fxe5 Kxe5 41.h4 Kf5 42.Kf3 b4 43.b3 g6
44.Kg3 Ke4 45.Kg4 Ke3 46.h5 Ke4 47.hxg6 hxg6  0-1

[Event "TCh-Eur Seniors"]
[Site "Dresden GER"]
[Date "2010.02.10"]
[Round "1"]
[White "Ozbilen,H"]
[Black "Kalmutzki,M"]
[Result "1-0"]
[WhiteElo "2109"]
[BlackElo "1954"]

1.Nf3 d5 2.c4 e6 3.b3 f5 4.Bb2 Nf6 5.e3 Bd6 6.d4 c6 7.c5 Bc7 8.Nbd2 Nbd7
9.b4 Ne4 10.Nb3 O-O 11.g3 Qe7 12.Bg2 e5 13.O-O g5 14.Nxe5 Nxe5 15.dxe5 Bxe5
16.Bxe5 Qxe5 17.f4 Qc3 18.Qd4 Qxd4 19.exd4 g4 20.Nc1 a5 21.Nd3 axb4 22.Nxb4 Ra4
23.Rfb1 Rf7 24.a3 Re7 25.Re1 Kf7 26.Bxe4 fxe4 27.Kf2 Kf6 28.Ke3 Bf5 29.Kd2 Bc8
30.Kc3 Be6 31.Kb3 Ra7 32.Nc2 Re8 33.Ne3 Bf5 34.h3 gxh3 35.g4 Bc8 36.Rh1 Rg8
37.Rxh3 Bxg4 38.Rxh7 Bc8 39.Rah1 Rg3 40.R1h6+ Rg6 41.Rxg6+ Kxg6 42.Rh8 Bd7
43.Rd8 Bh3 44.Rd6+ Kf7 45.f5 Ra8 46.Rh6  1-0

[Event "TCh-Eur Seniors"]
[Site "Dresden GER"]
[Date "2010.02.11"]
[Round "2"]
[White "Pritchett,C"]
[Black "Mishuchkov,N"]
[Result "1-0"]
[WhiteElo "2303"]
[BlackElo "2396"]

1.Nf3 d5 2.c4 dxc4 3.e4 c5 4.Bxc4 Nc6 5.O-O e6 6.Re1 Nf6 7.e5 Nd7 8.Nc3 Be7
9.Qe2 a6 10.Qe4 Qc7 11.Bb3 g6 12.d3 b5 13.Bg5 Bb7 14.Qh4 Bxg5 15.Nxg5 h6
16.Bxe6 fxe6 17.Nxe6 Qc8 18.Nd5  1-0

[Event "TCh-Eur Seniors"]
[Site "Dresden GER"]
[Date "2010.02.12"]
[Round "3"]
[White "Schutze,H"]
[Black "Thornton,J"]
[Result "1/2-1/2"]
[WhiteElo "2086"]
[BlackElo "2048"]

1.Nf3 d5 2.c4 e6 3.b3 c5 4.e3 Nc6 5.Bb2 Nf6 6.Be2 Be7 7.O-O O-O 8.d3 b6 9.Nbd2 Qc7
10.Qc2 Bb7 11.Rac1 Rad8 12.Rfd1 e5 13.cxd5 Nxd5 14.Bf1 Ndb4 15.Qb1 Qb8 16.Nc4 Bf6
17.a3 Nd5 18.d4 exd4 19.exd4 Nxd4 20.Nxd4 cxd4 21.Bxd4 Bxd4  1/2-1/2

[Event "TCh-Eur Seniors"]
[Site "Dresden GER"]
[Date "2010.02.12"]
[Round "3"]
[White "Boehlig,H"]
[Black "Bhend,E"]
[Result "1/2-1/2"]
[WhiteElo "2242"]
[BlackElo "2207"]

1.Nf3 d5 2.c4 d4 3.g3 c5 4.Bg2 Nc6 5.O-O e5 6.d3 Nf6 7.a3 a5 8.Bg5 Be7 9.Nbd2 h6
10.Bxf6 Bxf6 11.Ne1 O-O 12.Nc2 Be7 13.b3 Kh8 14.Rb1 f5 15.Nf3 Be6 16.e3 Qd7
17.exd4 exd4 18.Re1 Bf7 19.Ne5 Nxe5 20.Rxe5 Bd6 21.Re1 Rae8 22.Qf3 b6 23.Qc6 Qd8
24.f4 Bh5  1/2-1/2

[Event "TCh-Eur Seniors"]
[Site "Dresden GER"]
[Date "2010.02.13"]
[Round "4"]
[White "Hecht,HJ"]
[Black "Pribyl,Jo"]
[Result "1/2-1/2"]
[WhiteElo "2381"]
[BlackElo "2344"]

1.Nf3 d5 2.c4 d4 3.e3 c5 4.exd4 cxd4 5.d3 Nc6 6.g3 e5 7.Bg2 Bb4+ 8.Nbd2 a5
9.O-O Nge7 10.Re1 Bd6 11.c5 Bxc5 12.Nxe5 O-O 13.Qh5 Nxe5 14.Qxe5 Bb4 15.a3 Ra6  1/2-1/2

[Event "TCh-NED 2009-10"]
[Site "Netherlands NED"]
[Date "2010.02.13"]
[Round "5"]
[White "Chuchelov,V"]
[Black "Geirnaert,S"]
[Result "1-0"]
[WhiteElo "2598"]
[BlackElo "2364"]

1.Nf3 d5 2.c4 c6 3.e3 Nf6 4.Nc3 g6 5.d4 Bg7 6.Be2 O-O 7.O-O Nbd7 8.cxd5 Nxd5
9.e4 Nxc3 10.bxc3 e5 11.Rb1 Re8 12.Bc4 Nb6 13.Bxf7+ Kxf7 14.Ng5+ Kg8 15.Qb3+ Nd5
16.exd5 cxd5 17.dxe5 Rxe5 18.Nf3  1-0

[Event "TCh-Eur Seniors"]
[Site "Dresden GER"]
[Date "2010.02.14"]
[Round "5"]
[White "Pritchett,C"]
[Black "Donchenko,An"]
[Result "0-1"]
[WhiteElo "2303"]
[BlackElo "2380"]

1.Nf3 d5 2.c4 e6 3.g3 Nf6 4.Bg2 Be7 5.O-O O-O 6.b3 b6 7.Bb2 Bb7 8.cxd5 Nxd5
9.d4 Nf6 10.Nc3 Nbd7 11.Qd3 c5 12.Rfd1 Rc8 13.Rac1 a6 14.e4 cxd4 15.Nxd4 b5
16.Qe2 b4 17.e5 Bxg2 18.exf6 Bxf6 19.Ne4 Bxe4 20.Qxe4 Rxc1 21.Rxc1 Qa8 22.Qe2 Rc8
23.Rxc8+ Qxc8 24.Nf3 h6 25.Bxf6 Nxf6 26.Ne5 Qc5 27.Nc4 Qd4 28.Qd2 Qxd2 29.Nxd2 Nd5
30.Nc4 Kf8 31.a3 bxa3 32.Nxa3 Ke7 33.Nc4 f6 34.Kf1 Kd7 35.Ke2 Kc6 36.Kd3 Kc5
37.h4 h5 38.Nd2 Kb4 39.f3 g5 40.Kd4 gxh4 41.gxh4 Ne7 42.Ne4 Nf5+ 43.Kd3 Nxh4
44.Nxf6 Kxb3 45.Nxh5 Nxf3 46.Nf4 Ng5 47.Kd4 a5 48.Nd3 a4 49.Nc5+ Kb4 50.Nd3+ Kb5
51.Ke5 a3 52.Nc1 Kc4 53.Kf6 Ne4+ 54.Kxe6 Nc5+ 55.Kf5 Nd3  0-1

[Event "TCh-Eur Seniors"]
[Site "Dresden GER"]
[Date "2010.02.14"]
[Round "5"]
[White "Hjertenes,O"]
[Black "Nautsch,W"]
[Result "0-1"]
[WhiteElo "2201"]
[BlackElo "2229"]

1.Nf3 d5 2.c4 c6 3.g3 Nf6 4.Bg2 Bg4 5.O-O e6 6.d4 Be7 7.Nc3 O-O 8.b3 Nbd7
9.Bb2 Re8 10.Re1 dxc4 11.bxc4 Nb6 12.Ne5 Bh5 13.Qd3 Nfd7 14.Nxd7 Qxd7 15.c5 Bg6
16.Be4 Bxe4 17.Qxe4 Nc4 18.Bc1 b5 19.f4 Red8 20.e3 a5 21.Nd1 f5 22.Qg2 Qd5
23.Nb2 Na3 24.Re2 b4 25.Nd3 Nb5 26.Bb2 Bf6 27.Qxd5 exd5 28.a3 bxa3 29.Bxa3 Nxd4
30.Rea2 Nf3+ 31.Kf2 Bxa1 32.Rxa1 Nd2 33.Ne5 Rdc8 34.Rc1 Ne4+ 35.Ke2 Rab8
36.Ra1 Rb3 37.Nd3 Nc3+ 38.Kf3 Nb5 39.Bb2 Rxd3 40.Rxa5 d4 41.Ra6 Rxe3+  0-1

[Event "TCh-Eur Seniors"]
[Site "Dresden GER"]
[Date "2010.02.14"]
[Round "5"]
[White "Werchan,H"]
[Black "Alkkiomaki,J"]
[Result "1-0"]
[WhiteElo "2149"]
[BlackElo "2041"]

1.Nf3 d5 2.c4 e6 3.g3 Nf6 4.Bg2 Be7 5.O-O O-O 6.b3 c5 7.d3 Nc6 8.Bb2 b6 9.e3 Bb7
10.Qe2 Qc7 11.Nc3 a6 12.Rac1 dxc4 13.dxc4 Rad8 14.Rfd1 Rxd1+ 15.Rxd1 Rd8
16.h3 h6 17.Rxd8+ Qxd8 18.Ne1 Qc7 19.f4 Nd8 20.e4 Nc6 21.Nf3 Nh5 22.Kh2 g5
23.Nxg5 Nxf4 24.Nxe6 Nxe6 25.Qg4+ Kf8 26.Nd5 Qd8 27.Qh5 Bg5 28.h4 Bd2 29.Bf6 Qd7
30.Qd1 Bf4 31.gxf4 Nxf4 32.Qf3 Nxd5 33.exd5 Qd6+ 34.Kg1 Nd4 35.Qf2 Qf4 36.Qxf4 Ne2+
37.Kf2 Nxf4 38.Be4 Ke8 39.Kf3 Ng6 40.Kg4 Ne7 41.Kh5 Ng8 42.Bg7 Bc8 43.Bh7 Ne7
44.Bxh6 Nf5 45.Bf4 Ng7+ 46.Kg5 Ke7 47.Be4 Ne8 48.h5 Kf8 49.h6  1-0

[Event "Uxbridge Int Petrosian"]
[Site "Uxbridge ENG"]
[Date "2010.02.14"]
[Round "3"]
[White "Campbell,E"]
[Black "Staneland,P"]
[Result "1/2-1/2"]
[WhiteElo "1954"]
[BlackElo "1742"]

1.Nf3 d5 2.c4 c6 3.e3 Nf6 4.Nc3 Bg4 5.cxd5 Nxd5 6.Nxd5 Qxd5 7.Be2 e5 8.O-O Nd7
9.d4 Bxf3 10.Bxf3 e4 11.Be2 Bd6 12.Qb3 O-O 13.Qxd5 cxd5 14.Bd2 Nb6 15.Rfc1 Rac8
16.Bg4 f5 17.Rxc8 Nxc8 18.Bd1 Ne7 19.Rc1 Rc8 20.Rxc8+ Nxc8  1/2-1/2

[Event "TCh-Eur Seniors"]
[Site "Dresden GER"]
[Date "2010.02.16"]
[Round "7"]
[White "Schutze,H"]
[Black "Macdonald Ross,M"]
[Result "0-1"]
[WhiteElo "2086"]
[BlackElo "2176"]

1.Nf3 d5 2.c4 c6 3.d4 Nf6 4.Qc2 g6 5.Bf4 Bg7 6.e3 O-O 7.h3 Nbd7 8.Nc3 a6
9.cxd5 cxd5 10.Bd3 b6 11.Ne5 Bb7 12.f3 Rc8 13.g4 b5 14.Qd2 Nb6 15.b3 Nfd7
16.Nxd7 Nxd7 17.O-O e5 18.dxe5 Nxe5 19.Rac1 Qh4 20.Kg2 d4 21.exd4 Nxf3 22.Rxf3 Bxf3+
23.Kxf3 Qxh3+ 24.Bg3 Bh6 25.g5 Qh5+ 26.Kf2 Bxg5 27.Bf4 Qh4+ 28.Kf3 Qh3+ 29.Kf2 Bxf4  0-1

[Event "TCh-Eur Seniors"]
[Site "Dresden GER"]
[Date "2010.02.17"]
[Round "8"]
[White "Werchan,H"]
[Black "Bold,K"]
[Result "1/2-1/2"]
[WhiteElo "2149"]
[BlackElo "2149"]

1.Nf3 d5 2.c4 c6 3.g3 Nf6 4.Bg2 g6 5.b3 Bg7 6.Bb2 O-O 7.O-O Nbd7 8.Qc2 Re8
9.d4 e6 10.Nc3 Qc7 11.Rac1  1/2-1/2

[Event "TCh-Eur Seniors"]
[Site "Dresden GER"]
[Date "2010.02.18"]
[Round "9"]
[White "Boehlig,H"]
[Black "Oud,N"]
[Result "1-0"]
[WhiteElo "2242"]
[BlackElo "2034"]

1.Nf3 d5 2.c4 e6 3.g3 Nf6 4.Bg2 Be7 5.O-O O-O 6.d4 dxc4 7.Qa4 a6 8.Qxc4 b5
9.Qc2 Bb7 10.Bf4 Nc6 11.Rd1 Nd5 12.Nc3 Nxf4 13.gxf4 Qd6 14.e3 Rfd8 15.Rac1 Rac8
16.Qb1 Nb4 17.Ng5 Bxg5 18.Bxb7 Rb8 19.Ne4 Qb6 20.Nxg5 Qxb7 21.Qxh7+ Kf8 22.Qh8+ Ke7
23.Qxg7 Rf8 24.Qe5 Kd7 25.d5 exd5 26.a3  1-0

[Event "14th Open"]
[Site "Guingamp-Pabu FRA"]
[Date "2010.02.21"]
[Round "3"]
[White "Stephan,V"]
[Black "Cleran,A"]
[Result "1-0"]
[WhiteElo "2242"]
[BlackElo "1984"]

1.Nf3 d5 2.c4 c6 3.cxd5 cxd5 4.d4 Nf6 5.Nc3 Nc6 6.Bf4 Bf5 7.e3 e6 8.Qb3 Qb6
9.Bb5 Be7 10.O-O O-O 11.Rfc1 Na5 12.Qa4 a6 13.Bf1 Rac8 14.Nd1 Qb4 15.Qxb4 Bxb4
16.Nh4 Bd2 17.Rxc8 Rxc8 18.Nxf5 exf5 19.Bd3 g6 20.Kf1 Ne4 21.Ke2 Bb4 22.f3 Nf6
23.Rb1 Nh5 24.Bg5 f6 25.Bh4 Kf7 26.h3 Nc4 27.Rc1 Nd6 28.Rxc8 Nxc8 29.a3 Bd6
30.Nc3 Ne7 31.Bc2 f4 32.Bb3  1-0

[Event "18th Fajr Open"]
[Site "Mashhad IRI"]
[Date "2010.02.22"]
[Round "5"]
[White "Abedi,Al"]
[Black "Ghane,S"]
[Result "0-1"]
[WhiteElo "2125"]
[BlackElo "2387"]

1.Nf3 d5 2.c4 c6 3.e3 Nf6 4.b3 Bg4 5.Bb2 e6 6.Be2 Nbd7 7.O-O Bd6 8.d3 O-O
9.Nbd2 Qe7 10.h3 Bh5 11.a3 a5 12.Re1 Rfd8 13.Qc2 Ne8 14.e4 dxe4 15.dxe4 Bg6
16.Qc3 Nc5 17.Bf1 Bf4 18.g3 Bxd2 19.Nxd2 Rxd2 20.Qxd2 Nxb3 21.Qc3 Nxa1 22.Bxa1 Qc5
23.Bg2 Rd8 24.Rb1 Rd7 25.a4 Bh5 26.Qc2 e5 27.Kh2 f6 28.Bf1 Bf7 29.Kg2 Nd6
30.Rc1 Bg6 31.f3 Nxe4 32.Bc3 Qe3 33.Kh2 Nd2 34.Qb2 Nxf3+ 35.Kg2 Be4  0-1

[Event "Angora GM Schev"]
[Site "Ankara TUR"]
[Date "2010.02.24"]
[Round "6"]
[White "Moskalenko,V1"]
[Black "Esen,B"]
[Result "1/2-1/2"]
[WhiteElo "2538"]
[BlackElo "2513"]

1.Nf3 d5 2.c4 c6 3.e3 Nf6 4.Nc3 e6 5.b3 Nbd7 6.Qc2 Bd6 7.Bb2 O-O 8.Be2 a6
9.d4 b6 10.O-O Bb7 11.e4 Nxe4 12.Nxe4 dxe4 13.Qxe4 Nf6 14.Qc2 Qe7 15.Ne5 c5
16.Bf3  1/2-1/2

[Event "Reykjavik Open"]
[Site "Reykjavik ISL"]
[Date "2010.02.24"]
[Round "1"]
[White "Gretarsson,Hj"]
[Black "Finnbogadottir,T"]
[Result "1-0"]
[WhiteElo "2358"]
[BlackElo "1750"]

1.Nf3 d5 2.c4 e6 3.e3 Nf6 4.b3 Be7 5.Bb2 O-O 6.Be2 b6 7.O-O Bb7 8.Ne5 c5
9.f4 Nc6 10.Bf3 Rc8 11.d3 d4 12.exd4 cxd4 13.Nd2 Ne8 14.Qe2 Bf6 15.b4 Ba8
16.b5 Ne7 17.Bxa8 Rxa8 18.Ndf3 Nf5 19.Rfe1 h5 20.Qf2 Qd6 21.a4 Qc7 22.Nxd4 Nxd4
23.Bxd4 Rd8 24.a5 Qd6 25.axb6 Qxd4 26.Qxd4 Rxd4 27.bxa7 Nc7 28.b6 Rdd8 29.bxc7 Ra8
30.Reb1 Be7 31.Nd7 Bd6 32.Rb8  1-0

[Event "3rd Inv FIDE MN"]
[Site "Saint Paul USA"]
[Date "2010.02.27"]
[Round "1"]
[White "Mattson,D"]
[Black "Dahl,M"]
[Result "1/2-1/2"]
[WhiteElo "2080"]
[BlackElo "2054"]

1.Nf3 d5 2.c4 e6 3.g3 Nf6 4.Bg2 Be7 5.O-O O-O 6.b3 b6 7.Bb2 Bb7 8.e3 Nbd7
9.Nc3 Ne4 10.Ne2 Bf6 11.d4 c5 12.cxd5 Bxd5 13.Nf4 Qe7 14.Nd2 Nxd2 15.Nxd5 exd5
16.Qxd2 cxd4 17.exd4 Qd6 18.a4 Rfe8 19.Ba3 Qe6 20.Rfe1 Qf5 21.Rxe8+ Rxe8
22.Re1 Rxe1+  1/2-1/2

[Event "3rd Inv FIDE MN"]
[Site "Saint Paul USA"]
[Date "2010.02.27"]
[Round "3"]
[White "Iwu,O"]
[Black "Karagianis,P"]
[Result "1/2-1/2"]
[WhiteElo "2175"]
[BlackElo "2203"]

1.Nf3 d5 2.c4 d4 3.g3 Nc6 4.Bg2 e5 5.d3 Nf6 6.O-O Nd7 7.e3 Be7 8.exd4 exd4
9.Na3 Nc5 10.Nc2 a5 11.Re1 O-O 12.Rb1 Bf6 13.a3 Bf5 14.Bf1 a4 15.Nb4 Ne7
16.Bg5 Bxg5 17.Nxg5 h6 18.Ne4 Nb3 19.Bg2 c5 20.Na2 Nc6 21.Nc1 Nxc1 22.Rxc1 Qb6
23.Rb1 Na5 24.Qh5 Bxe4 25.Bxe4 Nb3 26.Re2 Rab8 27.Rbe1 Qf6 28.Bd5 b5 29.cxb5 Rxb5
30.Bc4 Rbb8 31.Re5 Nd2 32.Rf5 g6 33.Rxf6 gxh5 34.Bd5  1/2-1/2

[Event "Masters B"]
[Site "Nancy FRA"]
[Date "2010.02.28"]
[Round "9"]
[White "Fomichenko,E"]
[Black "Wiley,To"]
[Result "1-0"]
[WhiteElo "2515"]
[BlackElo "2302"]

1.Nf3 d5 2.c4 dxc4 3.e3 Nf6 4.Bxc4 e6 5.O-O c5 6.Nc3 a6 7.d4 b5 8.Bb3 Bb7
9.e4 Nxe4 10.Nxe4 Bxe4 11.Re1 Bd5 12.dxc5 Bxb3 13.Qxb3 Be7 14.a4 bxa4 15.Qb7 Qd5
16.Qxd5 exd5 17.Rxa4 Ra7 18.Rd4 O-O 19.Rxd5 Rc8 20.Bd2 Nc6 21.Bc3 Bf8 22.Ne5 Nxe5
23.Rdxe5 Raa8 24.b4 a5 25.bxa5 Bxc5 26.Bd2 f6 27.Rd5 Bf8 28.Ra1 Ra6 29.Kf1 Kf7
30.Rd7+ Ke6 31.Rb7 Kd5 32.Be3 Bc5 33.Rb5  1-0

[Event "Reykjavik Open"]
[Site "Reykjavik ISL"]
[Date "2010.02.28"]
[Round "6"]
[White "Kjartansson,G"]
[Black "Carstensen,J"]
[Result "1-0"]
[WhiteElo "2391"]
[BlackElo "2317"]

1.Nf3 d5 2.c4 c6 3.e3 Nf6 4.Nc3 Bf5 5.cxd5 Nxd5 6.Be2 e6 7.O-O Nd7 8.d3 Bg6
9.e4 Nxc3 10.bxc3 Be7 11.Bf4 Qa5 12.Rb1 b5 13.Qc2 O-O 14.c4 Rfc8 15.Nd2 b4
16.Be3 e5 17.Bg4 Rd8 18.Nb3 Qc7 19.c5 h5 20.Bh3 a5 21.Rfd1 Qa7 22.Rbc1 Rab8
23.Nd2 Rb5 24.Nc4 Bxc5 25.Nd6 Bxe3 26.Nxb5 cxb5 27.fxe3 Qxe3+ 28.Qf2 Qxf2+
29.Kxf2 Nb6 30.Ke3 Na4 31.Rc8 Rxc8 32.Bxc8 Nc3 33.Ra1 Kf8 34.Kd2 Ke7 35.a3 Kd6
36.axb4 axb4 37.Ra7 Kc5 38.h4 Kb6 39.Re7 Na4 40.Bf5 b3 41.Bxg6 fxg6 42.Rxg7 Kc5
43.Rxg6 Kb4 44.g4 b2 45.Kc2 Ka3 46.gxh5 b4 47.Ra6  1-0

[Event "Reykjavik Open"]
[Site "Reykjavik ISL"]
[Date "2010.02.28"]
[Round "6"]
[White "Harika,D"]
[Black "Stefansson,H"]
[Result "1/2-1/2"]
[WhiteElo "2471"]
[BlackElo "2574"]

1.Nf3 d5 2.c4 c6 3.e3 Nf6 4.d4 e6 5.b3 Nbd7 6.Bb2 b6 7.Bd3 Bb7 8.O-O Be7
9.Nc3 O-O 10.Qc2 h6 11.Rad1 Qc7 12.h3 Rfd8 13.Ne5 dxc4 14.bxc4 Nxe5 15.dxe5 Nd7
16.f4 Nc5 17.Be2 Rxd1  1/2-1/2

[Event "3rd Inv FIDE MN"]
[Site "Saint Paul USA"]
[Date "2010.02.28"]
[Round "5"]
[White "Iwu,O"]
[Black "Purcell,B"]
[Result "1/2-1/2"]
[WhiteElo "2175"]
[BlackElo "1997"]

1.Nf3 d5 2.c4 c6 3.b3 Nf6 4.g3 Bf5 5.Bg2 e6 6.O-O Be7 7.Bb2 O-O 8.d3 h6 9.Nbd2 a5
10.a3 Na6 11.Qc2 Bh7 12.Bc3 b5 13.cxb5 cxb5 14.Qb2 Rc8 15.Rfc1 Qb6 16.Bd4 Qb7
17.h3 Nc5 18.Ne5 Rc7 19.Rc2 Rfc8 20.Rac1 Ne8 21.Qb1 f6 22.Ng4 Nd7 23.Rxc7  1/2-1/2

[Event "48th XtraCon TCh-DEN 2009-10"]
[Site "Denmark DEN"]
[Date "2010.03.01"]
[Round "6"]
[White "Larsen,PO"]
[Black "Rewitz,P"]
[Result "1/2-1/2"]
[WhiteElo "2132"]
[BlackElo "2298"]

1.Nf3 d5 2.c4 c6 3.g3 Nf6 4.Bg2 e6 5.O-O Be7 6.d4 O-O 7.Qc2 Nbd7 8.b3 b5
9.cxb5 cxb5 10.Qc6 Rb8 11.Bf4 Rb6 12.Qc1 Qe8 13.Nbd2 Bb7 14.Qb2 b4 15.Rfc1 Qa8
16.Rc7 Rc8 17.Rac1 Rxc7 18.Rxc7 Rc6 19.Rxc6 Bxc6 20.Qc2 Qb7 21.Ne5 Nxe5 22.Bxe5 Nd7
23.Nf3 Bb5 24.h4 h6 25.Kf1 Ba6 26.Bf4 Qb6 27.Bc7 Qb5 28.Ne5 Nf8 29.Bf3 Bb7
30.Ke1 f6 31.Nd3 g5 32.hxg5 hxg5 33.e3 Bc6 34.Be2 Qb7 35.Ba5 Bb5 36.Qc7 Qxc7
37.Bxc7 Nd7 38.Kd2 Kg7 39.Ba5 Bxd3 40.Bxd3 Bd6 41.Bb5 Nf8 42.Kd3 f5 43.f3 Nh7
44.Bc6 Nf6 45.Bd8 Nh7 46.g4 fxg4 47.fxg4 Nf6 48.Bxf6+ Kxf6 49.e4 dxe4+ 50.Bxe4 Bc7
51.Kc4 Bb6 52.d5 exd5+ 53.Kxd5 Bd8 54.Bf5  1/2-1/2

[Event "81st ch-GER"]
[Site "Bad Liebenzell GER"]
[Date "2010.03.06"]
[Round "2"]
[White "Bogner,S"]
[Black "Strunski,A"]
[Result "1-0"]
[WhiteElo "2522"]
[BlackElo "2378"]

1.Nf3 d5 2.c4 c6 3.e3 Nf6 4.Nc3 e6 5.Qc2 Nbd7 6.b3 Bd6 7.Bb2 b6 8.Be2 Bb7
9.Rg1 Qc7 10.g4 O-O-O 11.g5 Ng8 12.h4 Ne7 13.O-O-O a6 14.h5 c5 15.cxd5 exd5
16.d4 Kb8 17.dxc5 bxc5 18.Na4 d4 19.exd4 Nd5 20.dxc5 Bf4+ 21.Kb1 Rhe8 22.a3 Rc8
23.Ne1 Bh2 24.Rf1 Nf4 25.Bc4 Ne5 26.Bxe5 Rxe5 27.f3 Bg3 28.Nd3 Nxd3 29.Bxd3 Rxg5
30.Bf5 Re8 31.Rd7 Qc6 32.Nb6 Bc7 33.Nd5 Qb5 34.Rd1 Ba5 35.b4 Re2 36.Qd3 Rxf5
37.Qxf5 Qa4 38.Qd3 Qxd7 39.Qxe2 Bxd5 40.Qe5+  1-0

[Event "81st ch-GER"]
[Site "Bad Liebenzell GER"]
[Date "2010.03.06"]
[Round "2"]
[White "Vogel,Christi"]
[Black "Ritscher,JP"]
[Result "0-1"]
[WhiteElo "2263"]
[BlackElo "2316"]

1.Nf3 d5 2.c4 e6 3.g3 c6 4.Qc2 Bd6 5.Bg2 Nf6 6.d4 Ne4 7.O-O f5 8.Bf4 Bxf4
9.gxf4 Nd7 10.e3 O-O 11.Nc3 Nd6 12.c5 Nf7 13.Kh1 Nf6 14.Rg1 Bd7 15.Bf1 Ne4
16.Rg2 b6 17.b4 bxc5 18.bxc5 Qa5 19.Nxe4 fxe4 20.Nd2 Nh6 21.Be2 Rab8 22.Rgg1 Bc8
23.Nb3 Qa4 24.Qd1 Ba6 25.Bxa6 Qxa6 26.Qh5 Nf5 27.Qh3 Qe2 28.Qf1 Qf3+ 29.Qg2 Qe2
30.Qf1 Qf3+ 31.Qg2 Qh5 32.Qg4 Qxg4 33.Rxg4 Rb5 34.Rgg1 Rfb8 35.Rgc1 Nh4 36.Rc2 Kf7
37.Nd2 a5 38.h3 a4 39.Rac1 Rb2 40.a3 Kf6 41.Kh2 g6 42.Kg3 Nf5+ 43.Kg2 R2b7
44.Kf1 g5 45.fxg5+ Kxg5 46.Ke2 Nh4 47.Rg1+ Kf5 48.f3 exf3+ 49.Nxf3 Nxf3 50.Kxf3 e5
51.dxe5 Rb3 52.Rcg2 Kxe5 53.Rg5+ Ke6 54.Rh5 Rf8+ 55.Ke2 Rf7 56.Rh6+ Kd7 57.Rg8 Re7
58.Ra8 Rbxe3+ 59.Kd2 Rxa3 60.Ra7+ Ke8 61.Ra8+ Kf7 62.Rxh7+ Ke6 63.Rxe7+ Kxe7
64.h4 Ke6 65.Ra6 Ke5 66.Rxc6 Kd4 67.h5 Rh3 68.Ra6 Rh2+ 69.Kc1 Kc3 70.Kb1 Rxh5
71.c6 d4 72.c7 Rc5 73.Rxa4 Rxc7 74.Ra8 Kd2 75.Rd8 Rb7+ 76.Ka2 d3 77.Ka3 Kc2
78.Rc8+ Kd1 79.Rd8 d2 80.Ka2 Rb5 81.Rd7 Kc2 82.Rc7+ Kd3 83.Rd7+ Kc3 84.Rc7+ Kd4
85.Rc1 dxc1=R  0-1

[Event "TCh-NED 2009-10"]
[Site "Netherlands NED"]
[Date "2010.03.06"]
[Round "7"]
[White "Chuchelov,V"]
[Black "Bosch,Je"]
[Result "1/2-1/2"]
[WhiteElo "2598"]
[BlackElo "2424"]

1.Nf3 d5 2.c4 e6 3.g3 Nf6 4.Bg2 dxc4 5.Qa4+ Nbd7 6.Qxc4 a6 7.Qc2 c5 8.O-O b6
9.b3 Bb7 10.Bb2 Be7 11.d3 O-O 12.Nbd2 Rc8 13.Rac1 Ba8 14.Qb1 b5 15.Rc2 Qb6
16.Rfc1 Qb8 17.Qa1 Rfd8 18.a3 Bb7 19.Bh3 Bf8 20.Ne5 Qa8 21.Nxd7 Nxd7 22.Bc3 Nb8
23.Qb2 Nc6 24.Nf3 b4 25.axb4 Nxb4 26.Bxb4 cxb4 27.Ne5 Rxc2 28.Rxc2 Rc8 29.Qc1 Rxc2
30.Qxc2 Bd6 31.Nc4 Qc8 32.Bg2 Bd5 33.Qa2 Bxc4 34.dxc4 g6 35.Qa5 Bc5 36.e3 h5
37.h4 Kg7 38.Bb7 Qf8 39.Qxa6 Qd6 40.Qxd6 Bxd6 41.Kf1 f5 42.Bc6 Kf6 43.Be8 Bc5
44.Ke2 Bb6 45.f3 Bc5 46.e4 fxe4 47.fxe4 e5 48.Kf3 Kg7 49.g4 Kh6 50.gxh5 gxh5
51.Ke2 Bb6 52.Kd3 Bc5 53.Bf7 Bf2 54.Ke2  1/2-1/2

[Event "81st ch-GER"]
[Site "Bad Liebenzell GER"]
[Date "2010.03.07"]
[Round "3"]
[White "Heinig,Wo"]
[Black "Engelmann,J"]
[Result "1/2-1/2"]
[WhiteElo "2345"]
[BlackElo "2213"]

1.Nf3 d5 2.c4 c6 3.cxd5 cxd5 4.d4 Nf6 5.Nc3 Nc6 6.Bf4 Bf5 7.e3 e6 8.Bb5 Nd7
9.O-O Be7 10.Qb3 g5 11.Be5 Rg8 12.Rfd1 a6 13.Bxc6 bxc6 14.Qb7 Qc8 15.Qxc8+ Rxc8
16.Bg3 c5 17.Rac1 h5 18.dxc5 Bxc5 19.Nxd5 h4 20.Bd6 exd5 21.b4 Ne5 22.Rxc5 Rxc5
23.bxc5 Nxf3+ 24.gxf3 g4 25.f4 Be4 26.f5 Kd7 27.Rd2 Re8 28.Kf1 Kc6 29.f6 Re6
30.Be7 Kb5 31.Rd4 a5 32.Ke1 Bf3 33.Kd2 Re4 34.a4+ Kc6 35.Rxe4 Bxe4 36.Bd8 Kxc5
37.Bxa5 d4 38.exd4+ Kxd4 39.Bb6+ Kc4 40.Ke3 Bd5 41.Kf4 Be6 42.Kg5 h3 43.Kf4 Kb4
44.a5 Kb5 45.f3 gxf3 46.Kxf3 Ka6 47.Ke4 Bd7  1/2-1/2

[Event "11th EICC Women"]
[Site "Rijeka CRO"]
[Date "2010.03.07"]
[Round "2"]
[White "Mkrtchian,L"]
[Black "Sedina,E"]
[Result "0-1"]
[WhiteElo "2500"]
[BlackElo "2334"]

1.Nf3 d5 2.c4 c6 3.e3 Nf6 4.Nc3 Bg4 5.cxd5 Bxf3 6.Qxf3 cxd5 7.d4 Nc6 8.Bd2 e6
9.Bd3 Bd6 10.Rc1 Rc8 11.O-O O-O 12.Qh3 a6 13.f4 Re8 14.g4 g6 15.f5 exf5 16.gxf5 Nb4
17.Bb1 Ne4 18.Nxe4 Rxc1 19.Nf6+ Qxf6 20.Bxc1 Qd8 21.Qg2 Qd7 22.Kh1 Bf8 23.a3 Nc6
24.Ba2 Re4 25.Bb1 Re8 26.Bd2 Bh6 27.Rf3 Bg7 28.h4 Kh8 29.h5 gxf5 30.Rxf5 Qe7
31.Qf2 Qe6 32.Qf3 Qh6 33.Qxd5 Nxd4 34.Rxf7 Ne2 35.Rf3 Be5 36.Qf7 Rg8 37.Rf4 Nxf4
38.exf4 Qc6+  0-1

[Event "81st ch-GER"]
[Site "Bad Liebenzell GER"]
[Date "2010.03.08"]
[Round "4"]
[White "Baramidze,D"]
[Black "Meister,P"]
[Result "1/2-1/2"]
[WhiteElo "2528"]
[BlackElo "2407"]

1.Nf3 d5 2.c4 d4 3.e3 c5 4.b4 dxe3 5.fxe3 cxb4 6.d4 g6 7.Bd3 Bg7 8.O-O Nh6
9.Nbd2 O-O 10.Bb2 e5 11.Qb3 Ng4 12.Nxe5 Nxe5 13.dxe5 Nc6 14.Nf3 Qe7 15.a3 Nxe5
16.Bxe5 Bxe5 17.Nxe5 Qxe5 18.axb4 Qxe3+ 19.Kh1 Be6 20.Rfe1 Qd4 21.Rad1 Qf6
22.Qa3 Rfd8 23.Be4 Rxd1 24.Rxd1 Qe7 25.c5 Bg4 26.Bf3 Bxf3 27.Qxf3 Rd8 28.Rxd8+ Qxd8
29.h3 Qe7 30.Qc3 Qe4 31.Kg1 a6 32.Kh2 h5 33.Qd2 h4 34.Qd6 Kg7 35.Qd2 Qe5+
36.Kg1 g5 37.Qc1 Qd5 38.Qc3+ f6 39.Qe3 Kf7 40.Kh1 Qf5 41.Qe1 Qf4 42.Kg1 Qd4+
43.Kh1 f5 44.Qb1 Qe4 45.Qb3+ Kf6 46.Qc3+ Ke6 47.Qd2 g4 48.Qh6+ Kd5 49.Qxh4 gxh3
50.Qxh3 Kc4 51.c6 bxc6 52.Qa3 Qh4+ 53.Kg1 Qe1+ 54.Kh2 Qh4+ 55.Kg1 Qe1+ 56.Kh2 Qxb4
57.Qxa6+ Kd5 58.Qd3+ Ke5 59.Qe3+ Qe4 60.Qc5+ Ke6 61.g3 f4 62.gxf4 Qxf4+ 63.Kg2 Qd2+
64.Kf1 Qf4+ 65.Ke2 Qe4+ 66.Kd2 Qd5+ 67.Qxd5+ Kxd5 68.Kd3  1/2-1/2